[Event "Turkey Cup 2019"]
[Site "Belek"]
[Date "2019.02.01"]
[Round "9.90"]
[White "Yanikoglu, Omer"]
[Black "Coban, Hasan"]
[Result "1-0"]
[WhiteElo "1664"]
[BlackElo "1394"]
[Annotator "NA"]
[PlyCount "85"]
[EventDate "2019.01.27"]
[EventType "swiss"]
[EventCountry "TUR"]
[SourceTitle "playchess.com"]
[Source "ChessBase"]
[SourceQuality "1"]

1. Nf3 Nf6 2. d4 g6 3. c4 Bg7 4. Nc3 d5 5. cxd5 Nxd5 6. e4 Nxc3 7. bxc3 c5 8. Bb5+ Bd7 9. Bxd7+ Qxd7 10. O-O O-O 11. Be3 cxd4 12. cxd4 Nc6 13. Rb1 b6 14. Qa4 Rfd8 15. d5 Ne5 16. Qxd7 Nxd7 17. Nd4 Ne5 18. f3 Nc4 19. Nc2 Rac8 20. Rfd1 Nxe3 21. Nxe3 Rc3 22. Rb3 Rdc8 23. Rd3 Rc1+ 24. Kf2 Be5 25. g3 Rh1 26. Kg2 Rcc1 27. f4 Bd6 28. e5 Bc5 29. d6 exd6 30. exd6 Bxe3 31. d7 Rcg1+ 32. Kf3 Bc5 33. d8=Q+ Kg7 34. Ke4 Rxh2 35. a3 Re2+ 36. Kd5 Rge1 37. Kc6 Re6+ 38. Kb7 Re7+ 39. Ka6 R1e4 40. Rd7 Ra4+ 41. Kb7 Re6 42. Qc7 Rf6 43. Qe5 1-0

[Event "Turkey Cup 2019"]
[Site "Belek"]
[Date "2019.02.01"]
[Round "9.91"]
[White "Onur, Cem"]
[Black "Eroglu, Berke"]
[Result "0-1"]
[WhiteElo "1885"]
[BlackElo "1442"]
[Annotator "NA"]
[PlyCount "62"]
[EventDate "2019.01.27"]
[EventType "swiss"]
[EventCountry "TUR"]
[SourceTitle "playchess.com"]
[Source "ChessBase"]
[SourceQuality "1"]

1. b3 b6 2. Bb2 Bb7 3. e3 e6 4. Nf3 Nf6 5. d4 d5 6. c4 Nbd7 7. Bd3 Be7 8. Nbd2 c5 9. O-O O-O 10. Rc1 Rc8 11. Qe2 Ne4 12. Ne5 f6 13. Nxd7 Qxd7 14. Rfd1 Nxd2 15. Rxd2 Qc6 16. Qh5 f5 17. Qh3 Qe8 18. cxd5 Bxd5 19. dxc5 Rxc5 20. Rdc2 Rxc2 21. Rxc2 Bf6 22. Qg3 Bxb2 23. Rxb2 Qd7 24. Rd2 Be4 25. Qe5 Bxd3 26. Qc3 Rd8 27. f3 Qd5 28. Qc7 Rd7 29. Qc8+ Kf7 30. h4 e5 31. e4 Qc5+ 0-1

[Event "Turkey Cup 2019"]
[Site "Belek"]
[Date "2019.02.01"]
[Round "9.92"]
[White "Lokman, Hilmi Merih"]
[Black "Usluoglu, Servet"]
[Result "0-1"]
[WhiteElo "1597"]
[BlackElo "1783"]
[Annotator "NA"]
[PlyCount "84"]
[EventDate "2019.01.27"]
[EventType "swiss"]
[EventCountry "TUR"]
[SourceTitle "playchess.com"]
[Source "ChessBase"]
[SourceQuality "1"]

1. d4 Nf6 2. c4 d6 3. Nc3 g6 4. e4 Bg7 5. Bd3 O-O 6. Nge2 e5 7. d5 Nh5 8. Be3 a6 9. Qd2 c6 10. Na4 Nd7 11. g4 Nhf6 12. Bg5 Nb6 13. Nac3 Bxg4 14. O-O-O Qc7 15. f3 Bxf3 16. Rhf1 Bxe2 17. Bxe2 Ne8 18. Bg4 cxd5 19. cxd5 Na4 20. Rf3 f6 21. Be6+ Kh8 22. Bh6 Nc5 23. Kb1 b5 24. Rc1 Qe7 25. Qe3 b4 26. Nd1 Bxh6 27. Qxh6 Nxe4 28. Rh3 Ng5 29. Rg3 Ng7 30. Ne3 N7xe6 31. dxe6 Qg7 32. Qh4 Nxe6 33. Nf5 Qd7 34. Rxg6 Ng5 35. Ne3 d5 36. Rf1 d4 37. Ng4 Qb5 38. Nf2 Qxf1+ 39. Kc2 Rac8+ 40. Kb3 Qc4+ 41. Ka4 b3+ 42. Ka3 bxa2 0-1

[Event "Turkey Cup 2019"]
[Site "Belek"]
[Date "2019.02.01"]
[Round "9.93"]
[White "Atayman, Evren"]
[Black "Erkam, Hakan Oguzcan"]
[Result "0-1"]
[WhiteElo "1668"]
[BlackElo "1483"]
[Annotator "NA"]
[PlyCount "124"]
[EventDate "2019.01.27"]
[EventType "swiss"]
[EventCountry "TUR"]
[SourceTitle "playchess.com"]
[Source "ChessBase"]
[SourceQuality "1"]

1. d4 Nf6 2. Nf3 e6 3. Bg5 Be7 4. e3 d5 5. Bd3 O-O 6. Nbd2 c5 7. c3 Nc6 8. O-O cxd4 9. exd4 Bd7 10. Ne5 h6 11. Bh4 Rc8 12. f4 a6 13. Ndf3 Nxe5 14. fxe5 Ne4 15. Bxe7 Qxe7 16. Qe2 Ng5 17. Nxg5 Qxg5 18. Rf3 f5 19. exf6 Rxf6 20. Rxf6 Qxf6 21. Rf1 Qe7 22. Qf3 Bb5 23. Bxb5 axb5 24. a3 Rf8 25. Qxf8+ Qxf8 26. Rxf8+ Kxf8 27. Kf2 Kf7 28. Ke3 Kf6 29. h4 Kf5 30. Kf3 h5 31. g3 b6 32. b3 g6 33. a4 bxa4 34. bxa4 g5 35. hxg5 Kxg5 36. Kf2 Kg4 37. Kg2 Kf5 38. Kf3 Kg5 39. Kg2 Kg4 40. Kh2 Kf5 41. Kh3 Kg5 42. Kg2 Kg4 43. Kf2 Kg5 44. Kg1 Kf5 45. Kf1 Ke4 46. Ke2 Kf5 47. Kf3 Kg5 48. Ke2 Kg4 49. Kf2 Kg5 50. Kg1 Kf5 51. Kh2 Ke4 52. Kh3 Kd3 53. Kh4 Kxc3 54. Kxh5 Kxd4 55. g4 Kc3 56. g5 d4 57. g6 d3 58. g7 d2 59. g8=Q d1=Q+ 60. Kh6 Qh1+ 61. Kg6 Qg2+ 62. Kf7 Qxg8+ 0-1

[Event "Turkey Cup 2019"]
[Site "Belek"]
[Date "2019.02.01"]
[Round "9.94"]
[White "Erol, Harun Eser"]
[Black "Ilcin, Murat Veysi"]
[Result "1-0"]
[WhiteElo "1464"]
[BlackElo "1653"]
[Annotator "NA"]
[PlyCount "31"]
[EventDate "2019.01.27"]
[EventType "swiss"]
[EventCountry "TUR"]
[SourceTitle "playchess.com"]
[Source "ChessBase"]
[SourceQuality "1"]

1. f4 Nf6 2. Nf3 c5 3. e3 e6 4. d4 Nc6 5. c3 Be7 6. Bd3 b6 7. O-O O-O 8. Nbd2 Bb7 9. Qe1 d6 10. e4 Nh5 11. Qe3 f5 12. d5 exd5 13. exd5 Nb8 14. Re1 Re8 15. Qe6+ Kh8 16. Ng5 1-0

[Event "Turkey Cup 2019"]
[Site "Belek"]
[Date "2019.02.01"]
[Round "9.95"]
[White "Sabahi, Cem"]
[Black "Pulat, Gulce"]
[Result "1/2-1/2"]
[WhiteElo "1642"]
[BlackElo "1554"]
[Annotator "NA RC"]
[PlyCount "125"]
[EventDate "2019.01.27"]
[EventType "swiss"]
[EventCountry "TUR"]
[SourceTitle "playchess.com"]
[Source "ChessBase"]
[SourceQuality "1"]

1. e4 e5 2. Nf3 Nc6 3. d4 exd4 4. Nxd4 Bc5 5. Nb3 Bb6 6. Nc3 Nf6 7. Qe2 d6 8. Be3 Bxe3 9. Qxe3 O-O 10. O-O-O a6 11. h3 b5 12. f4 Re8 13. e5 Bd7 14. g4 b4 15. Ne2 Qe7 16. g5 Nh5 17. Qf3 g6 18. exd6 cxd6 19. Ng3 Nxg3 20. Qxg3 a5 21. Bg2 Rac8 22. Rhe1 Be6 23. Bxc6 Rxc6 24. Nd4 Rcc8 25. f5 gxf5 26. Nxf5 Qc7 27. Nh6+ Kh8 28. Qd3 Qc4 29. Qxc4 Rxc4 30. Rxd6 Rec8 31. Rd2 a4 32. Rxe6 fxe6 33. Nf7+ Kg7 34. Nd6 R8c6 35. Nxc4 Rxc4 36. Rd3 Re4 37. Kd2 Kg6 38. Rg3 Kf5 39. Kd3 e5 40. Rf3+ Rf4 41. Ke3 Kxg5 42. Rxf4 exf4+ 43. Kf3 Kf5 44. h4 Ke5 45. h5 a3 46. bxa3 bxa3 47. h6 Kd4 48. c4 Kxc4 49. Kxf4 Kc3 50. Kf5 Kb2 51. Kf6 Kxa2 52. Kg7 Kb3 53. Kxh7 a2 54. Kg8 a1=Q 55. h7 Qg1+ 56. Kh8 Qd4+ 57. Kg8 Qd8+ 58. Kg7 Qe7+ 59. Kg8 Qe6+ 60. Kg7 Qe7+ 61. Kg8 Qg5+ 62. Kh8 Qf6+ 63. Kg8 1/2-1/2

[Event "Turkey Cup 2019"]
[Site "Belek"]
[Date "2019.02.01"]
[Round "9.96"]
[White "Gonen, Mutlu"]
[Black "Hanci, Ilker"]
[Result "0-1"]
[WhiteElo "1634"]
[BlackElo "1615"]
[Annotator "NA"]
[PlyCount "81"]
[EventDate "2019.01.27"]
[EventType "swiss"]
[EventCountry "TUR"]
[SourceTitle "playchess.com"]
[Source "ChessBase"]
[SourceQuality "1"]

1. e4 Nc6 2. Nf3 e5 3. Bb5 Nf6 4. d3 d6 5. Nc3 a6 6. Ba4 Be7 7. a3 O-O 8. h3 h6 9. Bb3 Be6 10. Nd5 Bxd5 11. exd5 Nb8 12. Be3 Nbd7 13. Ba2 Re8 14. O-O Bf8 15. Re1 b5 16. Rc1 Qb8 17. b4 a5 18. Bb3 axb4 19. axb4 Qb7 20. Nd2 Nxd5 21. Qf3 e4 22. dxe4 Ne5 23. Qg3 Nxe3 24. Rxe3 c6 25. Nf3 Nc4 26. Bxc4 bxc4 27. c3 d5 28. Rce1 c5 29. bxc5 Bxc5 30. Nd4 Bxd4 31. cxd4 Rxe4 32. Rxe4 dxe4 33. Qe5 c3 34. d5 c2 35. Qxe4 Qb2 36. Qc4 Kh7 37. Kh2 Re8 38. Rxe8 c1=Q 39. Qe4+ g6 40. d6 Qxf2 41. Rh8+ 0-1

[Event "Turkey Cup 2019"]
[Site "Belek"]
[Date "2019.02.02"]
[Round "10.1"]
[White "Arat, Ufuk Sezen"]
[Black "Eren, Ataberk"]
[Result "1-0"]
[WhiteElo "2361"]
[BlackElo "2171"]
[Annotator "NA"]
[PlyCount "89"]
[EventDate "2019.01.27"]
[EventType "swiss"]
[EventCountry "TUR"]
[SourceTitle "playchess.com"]
[Source "ChessBase"]
[SourceQuality "1"]

1. Nf3 d5 2. c4 c6 3. b3 Bf5 4. Nh4 Bg4 5. h3 Bh5 6. Bb2 Nd7 7. d3 e5 8. g3 Bb4+ 9. Nd2 dxc4 10. bxc4 Nc5 11. Qc2 Qa5 12. g4 Bg6 13. Nxg6 hxg6 14. Rb1 Qxa2 15. Ra1 Qb3 16. Qb1 Bxd2+ 17. Kxd2 Ne4+ 18. Ke3 Qb6+ 19. Kxe4 Qxf2 20. d4 Qg3 21. e3 Nf6+ 22. Kd3 Nxg4 23. hxg4 Rxh1 24. Bc3 Rh2 25. c5 Qxg4 26. Qxb7 Rd8 27. Qxc6+ Kf8 28. Qc7 Re8 29. Qd6+ Kg8 30. dxe5 Qh4 31. Bd4 Qf2 32. Kc4 Qc2+ 33. Kd5 Re6 34. Qb8+ Kh7 35. Rxa7 Qf2 36. Bd3 Qf3+ 37. Be4 Qe2 38. Ra8 Kh6 39. Qb7 Qf2 40. c6 Kg5 41. c7 Rh4 42. c8=Q Rxe4 43. Qc1 Qf3 44. Kc4 Rxd4+ 45. exd4+ 1-0

[Event "Turkey Cup 2019"]
[Site "Belek"]
[Date "2019.02.02"]
[Round "10.2"]
[White "Koksal, Ege"]
[Black "Ozenir, Ekin Baris"]
[Result "1-0"]
[WhiteElo "2360"]
[BlackElo "2267"]
[Annotator "NA"]
[PlyCount "87"]
[EventDate "2019.01.27"]
[EventType "swiss"]
[EventCountry "TUR"]
[SourceTitle "playchess.com"]
[Source "ChessBase"]
[SourceQuality "1"]

1. d4 Nf6 2. c4 e6 3. Nf3 b6 4. g3 Bb7 5. Bg2 g6 6. O-O Bg7 7. Nc3 O-O 8. d5 exd5 9. cxd5 Re8 10. Bf4 Nh5 11. Bg5 Nf6 12. Qd2 c5 13. e4 d6 14. Qf4 Nbd7 15. Qxd6 h6 16. Bxf6 Nxf6 17. Qxd8 Raxd8 18. Rfe1 b5 19. Nd2 a6 20. Nb3 Nd7 21. Bh3 c4 22. Bxd7 Rxd7 23. Nc5 Rc7 24. Nxb7 Rxb7 25. Rad1 Rd7 26. a3 g5 27. f4 f6 28. Kg2 gxf4 29. gxf4 Rb8 30. Kf3 a5 31. Rd2 b4 32. axb4 axb4 33. Ne2 Rc7 34. Rc1 Rbc8 35. Rdc2 Rc5 36. Nd4 c3 37. bxc3 f5 38. cxb4 Rxc2 39. Rxc2 fxe4+ 40. Kxe4 Rb8 41. Nc6 Re8+ 42. Kd3 Bf8 43. b5 Bd6 44. b6 1-0

[Event "Turkey Cup 2019"]
[Site "Belek"]
[Date "2019.02.02"]
[Round "10.3"]
[White "Tarlabasi, Emirhan"]
[Black "Yilmazyerli, Mert"]
[Result "1/2-1/2"]
[WhiteElo "2264"]
[BlackElo "2436"]
[Annotator "TA"]
[PlyCount "107"]
[EventDate "2019.01.27"]
[EventType "swiss"]
[EventCountry "TUR"]
[SourceTitle "playchess.com"]
[Source "ChessBase"]
[SourceQuality "1"]

1. d4 Nf6 2. c4 e6 3. Nf3 b6 4. Bf4 Bb7 5. e3 Bb4+ 6. Nfd2 O-O 7. a3 Be7 8. Nc3 d5 9. Bd3 c5 10. O-O dxc4 11. Nxc4 cxd4 12. exd4 Nc6 13. Nb5 Nd5 14. Bg3 Ba6 15. Ne5 Nxe5 16. dxe5 Bxb5 17. Bxb5 Bh4 18. Bc6 Rc8 19. Bxd5 Bxg3 20. Bb7 Rb8 21. hxg3 Rxb7 22. Qf3 Rc7 23. Rad1 Qg5 24. Qe4 Rfc8 25. Rd3 g6 26. Rfd1 Kg7 27. Qf4 Qxf4 28. gxf4 Rc1 29. g3 Rxd1+ 30. Rxd1 Rc2 31. b4 Rc3 32. Ra1 Rb3 33. Ra2 h6 34. Kg2 g5 35. fxg5 hxg5 36. g4 Rc3 37. f3 Re3 38. a4 Rb3 39. b5 Kg6 40. Kf2 Rb4 41. Kg3 f6 42. exf6 Kxf6 43. Ra1 Ke7 44. Ra2 e5 45. Ra1 Ke6 46. Ra2 e4 47. fxe4 Rxe4 48. Rf2 Rd4 49. Rf5 Rd3+ 50. Kg2 Rd5 51. Rf8 Rd2+ 52. Kg3 Rd3+ 53. Kg2 Rd2+ 54. Kg3 1/2-1/2

[Event "Turkey Cup 2019"]
[Site "Belek"]
[Date "2019.02.02"]
[Round "10.4"]
[White "Gokerkan, Cem Kaan"]
[Black "Gunduz, Umut Erdem"]
[Result "1-0"]
[WhiteElo "2420"]
[BlackElo "2255"]
[Annotator "TA"]
[PlyCount "83"]
[EventDate "2019.01.27"]
[EventType "swiss"]
[EventCountry "TUR"]
[SourceTitle "playchess.com"]
[Source "ChessBase"]
[SourceQuality "1"]

1. e4 d6 2. f4 e5 3. Nf3 Nf6 4. Nc3 exf4 5. d4 d5 6. exd5 Bb4 7. Bb5+ Bd7 8. Qe2+ Qe7 9. Qxe7+ Kxe7 10. Bc4 b5 11. Bb3 Ne4 12. Bxf4 Nxc3 13. Bd2 Nxd5 14. Bxd5 Nc6 15. Bxb4+ Nxb4 16. Bxa8 Rxa8 17. Kd2 f6 18. a3 Nd5 19. Ne1 Kd6 20. Nd3 a5 21. Nc5 a4 22. Rae1 c6 23. Rhf1 h5 24. Ne4+ Kc7 25. Nc3 Nxc3 26. Kxc3 Kd6 27. Re3 h4 28. Rfe1 Rc8 29. Kb4 g5 30. Re7 Rf8 31. b3 axb3 32. cxb3 g4 33. Rh7 f5 34. Rh6+ Kc7 35. Re7 Kd8 36. Rhh7 Bc8 37. Kc5 Rg8 38. Reg7 Rf8 39. Rxh4 f4 40. Rhxg4 Bxg4 41. Rxg4 Rf6 42. Rg7 1-0

[Event "Turkey Cup 2019"]
[Site "Belek"]
[Date "2019.02.02"]
[Round "10.5"]
[White "Kamer, Kayra"]
[Black "Guven, Oguz Kagan"]
[Result "1-0"]
[WhiteElo "2417"]
[BlackElo "2087"]
[Annotator "NA"]
[PlyCount "95"]
[EventDate "2019.01.27"]
[EventType "swiss"]
[EventCountry "TUR"]
[SourceTitle "playchess.com"]
[Source "ChessBase"]
[SourceQuality "1"]

1. e3 d5 2. c4 c6 3. b3 Nf6 4. Bb2 Bf5 5. Nf3 e6 6. Be2 h6 7. d3 Nbd7 8. Nc3 Be7 9. Qc2 O-O 10. h3 Bh7 11. g4 Nc5 12. O-O-O dxc4 13. bxc4 b5 14. g5 hxg5 15. Nxg5 bxc4 16. Nxh7 Nxh7 17. dxc4 Qa5 18. Bd3 f5 19. Ba1 Rfd8 20. Be2 Bf6 21. Rxd8+ Rxd8 22. Rd1 Rb8 23. Bf3 Rb4 24. Be2 Ne4 25. Rd3 Nxf2 26. Rd2 Bg5 27. Nd1 Ne4 28. Rd3 Nc5 29. Rc3 Bf6 30. Nf2 Na4 31. Ra3 Bxa1 32. Nd3 Rb8 33. Rxa4 Qc7 34. Rb4 Rxb4 35. Nxb4 Ng5 36. h4 Ne4 37. Bf3 Qg3 38. Bxe4 Qe1+ 39. Qd1 Qxb4 40. Bc2 Bb2+ 41. Kb1 Bf6+ 42. Kc1 Bb2+ 43. Kb1 Ba3+ 44. Bb3 Qc3 45. Qc2 Qxe3 46. c5 Qe1+ 47. Qd1 Qc3 48. Bxe6+ 1-0

[Event "Turkey Cup 2019"]
[Site "Belek"]
[Date "2019.02.02"]
[Round "10.6"]
[White "Karaoglan, Doruk"]
[Black "Ozen, Bahadir"]
[Result "1/2-1/2"]
[WhiteElo "2142"]
[BlackElo "2349"]
[Annotator "TA"]
[PlyCount "29"]
[EventDate "2019.01.27"]
[EventType "swiss"]
[EventCountry "TUR"]
[SourceTitle "playchess.com"]
[Source "ChessBase"]
[SourceQuality "1"]

1. e4 e5 2. Nc3 Nf6 3. Bc4 Bc5 4. f4 d6 5. Nf3 Nc6 6. d3 a6 7. a3 Be6 8. Nd5 Bxd5 9. exd5 Nd4 10. fxe5 dxe5 11. Nxd4 Bxd4 12. Qf3 O-O 13. c3 Bc5 14. Bg5 Be7 15. Bxf6 1/2-1/2

[Event "Turkey Cup 2019"]
[Site "Belek"]
[Date "2019.02.02"]
[Round "10.7"]
[White "Olcum, Ahmet"]
[Black "Pektas, Yigit"]
[Result "0-1"]
[WhiteElo "2320"]
[BlackElo "2019"]
[Annotator "TA"]
[PlyCount "64"]
[EventDate "2019.01.27"]
[EventType "swiss"]
[EventCountry "TUR"]
[SourceTitle "playchess.com"]
[Source "ChessBase"]
[SourceQuality "1"]

1. e4 c6 2. d4 d5 3. exd5 cxd5 4. Bf4 Nc6 5. c3 Nf6 6. Nd2 g6 7. h3 Bg7 8. Ngf3 O-O 9. Be2 Bf5 10. O-O Rc8 11. Re1 Re8 12. Qb3 Na5 13. Qa3 a6 14. g4 Bd7 15. Ne5 Nc6 16. Bf3 e6 17. Rad1 h6 18. g5 Nxe5 19. dxe5 Nh5 20. Bxh5 hxg5 21. Bxg6 gxf4 22. Bd3 Qh4 23. Kf1 f6 24. exf6 e5 25. Nf3 Qxh3+ 26. Ke2 Bg4 27. Kd2 Qxf3 28. Rg1 e4 29. Bc2 e3+ 30. Kc1 exf2 31. f7+ Kxf7 32. Rgf1 Qe3+ 0-1

[Event "Turkey Cup 2019"]
[Site "Belek"]
[Date "2019.02.02"]
[Round "10.8"]
[White "Sahin, Handenur"]
[Black "Sevgi, Volkan"]
[Result "0-1"]
[WhiteElo "1998"]
[BlackElo "2292"]
[Annotator "TA"]
[PlyCount "124"]
[EventDate "2019.01.27"]
[EventType "swiss"]
[EventCountry "TUR"]
[SourceTitle "playchess.com"]
[Source "ChessBase"]
[SourceQuality "1"]

1. e4 c5 2. c3 Nf6 3. e5 Nd5 4. d4 cxd4 5. Nf3 e6 6. cxd4 d6 7. Bc4 Nb6 8. Bd3 dxe5 9. dxe5 Na6 10. O-O Nc5 11. Bc2 Qxd1 12. Rxd1 Nd5 13. a3 a5 14. Nbd2 Bd7 15. Ne4 a4 16. Nxc5 Bxc5 17. Ng5 Rc8 18. Bd3 Be7 19. Bd2 f6 20. exf6 gxf6 21. Nf3 O-O 22. Rac1 Rxc1 23. Rxc1 e5 24. Bc4 Bc6 25. Bb4 Bxb4 26. axb4 Rd8 27. b5 Be8 28. Rd1 Bf7 29. g4 Rd7 30. g5 e4 31. Nh4 fxg5 32. Nf5 Kf8 33. Rd4 Be6 34. b6 h5 35. Bb5 Rh7 36. Ng3 Nf4 37. Nxe4 Nh3+ 38. Kf1 Rf7 39. Rd6 Bf5 40. Ng3 Bg4 41. Rd2 Rf4 42. Ke1 h4 43. Nf1 Ng1 44. Rd8+ Ke7 45. Re8+ Kf7 46. Ne3 Be2 47. Bd7 Rd4 48. Bc6 Ba6 49. Ra8 Rb4 50. Bd5+ Ke7 51. Nf5+ Kd7 52. Rg8 Rxb6 53. Rg7+ Kd8 54. Rxg5 Rxb2 55. Rg8+ Kc7 56. Rg7+ Kb6 57. Ne3 Nh3 58. Rg6+ Ka5 59. Be4 Re2+ 60. Kf1 Rxf2+ 61. Ke1 Re2+ 62. Kd1 Nf2+ 0-1

[Event "Turkey Cup 2019"]
[Site "Belek"]
[Date "2019.02.02"]
[Round "10.9"]
[White "Aytekin, Murat Eren"]
[Black "Kilic, Efe Mert"]
[Result "0-1"]
[WhiteElo "2163"]
[BlackElo "2241"]
[Annotator "NA"]
[PlyCount "106"]
[EventDate "2019.01.27"]
[EventType "swiss"]
[EventCountry "TUR"]
[SourceTitle "playchess.com"]
[Source "ChessBase"]
[SourceQuality "1"]

1. d4 Nf6 2. c4 g6 3. Nc3 Bg7 4. e4 d6 5. f3 O-O 6. Be3 c5 7. d5 a6 8. a4 e6 9. Qd2 exd5 10. cxd5 Re8 11. Be2 b6 12. Rb1 Qe7 13. Bd3 Nbd7 14. Nh3 Ne5 15. Nf2 b5 16. axb5 Nxd3+ 17. Qxd3 axb5 18. b4 Ra3 19. Bd2 c4 20. Qc2 Bd7 21. O-O Rea8 22. Nfd1 Nh5 23. Ne2 f5 24. Ndc3 fxe4 25. Nxe4 Bf5 26. Bc3 Ra2 27. Rb2 Rxb2 28. Qxb2 Bxe4 29. fxe4 Qxe4 30. Bxg7 Nxg7 31. Qf6 Nf5 32. Ng3 Qd4+ 33. Qxd4 Nxd4 34. Ne4 Nf5 35. Rb1 Ra6 36. Nc3 Nd4 37. Rd1 Ra3 38. Ne4 Ne2+ 39. Kf1 Nc3 40. Re1 Nxe4 41. Rxe4 Rd3 42. Re8+ Kf7 43. Rb8 Rxd5 44. Rb7+ Ke6 45. Rxh7 Rd1+ 46. Ke2 Rb1 47. Rg7 Rb2+ 48. Kf3 Rxb4 49. Rxg6+ Kd5 50. Ke3 Rb3+ 51. Kd2 Rd3+ 52. Kc2 b4 53. h4 b3+ 0-1

[Event "Turkey Cup 2019"]
[Site "Belek"]
[Date "2019.02.02"]
[Round "10.10"]
[White "Kocak, Can"]
[Black "Yuksel, Atilla Koksal"]
[Result "0-1"]
[WhiteElo "1994"]
[BlackElo "2236"]
[Annotator "TA"]
[PlyCount "112"]
[EventDate "2019.01.27"]
[EventType "swiss"]
[EventCountry "TUR"]
[SourceTitle "playchess.com"]
[Source "ChessBase"]
[SourceQuality "1"]

1. e4 e6 2. d4 d5 3. Nd2 Nf6 4. e5 Nfd7 5. Bd3 c5 6. c3 Nc6 7. Ne2 cxd4 8. cxd4 f6 9. exf6 Nxf6 10. O-O Bd6 11. Nf3 O-O 12. Bf4 Bxf4 13. Nxf4 Ne4 14. Qc1 Ng5 15. Nxg5 Qxg5 16. Ne2 Qf6 17. Qe3 Bd7 18. Rac1 Rac8 19. a3 e5 20. dxe5 Nxe5 21. Rxc8 Bxc8 22. Bc2 g6 23. Qd4 Be6 24. Bb3 Nc4 25. Qxf6 Rxf6 26. Bxc4 dxc4 27. Rd1 Rf8 28. Rd4 Rc8 29. f3 Rc7 30. Nf4 Bf7 31. Nd5 Rc5 32. Nf6+ Kg7 33. Ne4 Rc7 34. Kf2 a6 35. Rd6 Be8 36. Ke3 Kf7 37. Kd4 Ke7 38. Ke5 Bf7 39. g4 Be8 40. Re6+ Kf8 41. Nd6 Bc6 42. f4 b5 43. f5 gxf5 44. gxf5 a5 45. Kd4 Bd7 46. Re5 Rc6 47. Nxb5 Rh6 48. Nd6 Rxd6+ 49. Kxc4 a4 50. b3 Rc6+ 51. Kb4 Rb6+ 52. Ka5 Rxb3 53. f6 Rxa3 54. Rh5 Rh3 55. Rd5 Be8 56. Rd2 Rf3 0-1

[Event "Turkey Cup 2019"]
[Site "Belek"]
[Date "2019.02.02"]
[Round "10.12"]
[White "Ozsakallioglu, Akin"]
[Black "Metin, Mehmet"]
[Result "1/2-1/2"]
[WhiteElo "1957"]
[BlackElo "2197"]
[Annotator "NA RC"]
[PlyCount "109"]
[EventDate "2019.01.27"]
[EventType "swiss"]
[EventCountry "TUR"]
[SourceTitle "playchess.com"]
[Source "ChessBase"]
[SourceQuality "1"]

1. e4 c5 2. Nf3 Nc6 3. Bb5 g6 4. O-O Nf6 5. Re1 Bg7 6. c3 O-O 7. d4 cxd4 8. cxd4 d5 9. e5 Ne4 10. Bxc6 bxc6 11. Nbd2 Nxd2 12. Nxd2 c5 13. dxc5 Qc7 14. Nf3 Qxc5 15. Be3 Qb5 16. Qd4 Bf5 17. Rac1 Rfc8 18. a4 Qb7 19. Rxc8+ Bxc8 20. Rc1 Bd7 21. Ne1 e6 22. Nd3 Be8 23. Nc5 Qb8 24. f4 a5 25. Rc3 Bf8 26. b3 Qd8 27. h3 Rb8 28. Nd3 Rb7 29. Kh2 h5 30. Bf2 Qb8 31. Nc5 Bxc5 32. Qxc5 Rxb3 33. Rxb3 Qxb3 34. Qxa5 Qc4 35. Qd2 Bxa4 36. Bd4 Qf1 37. Bc5 Kh7 38. Bf2 Qb1 39. Bh4 Qe4 40. Bf2 Bb5 41. Qd4 Qf5 42. Bh4 Bf1 43. Kg1 Bc4 44. Bf6 Qb1+ 45. Kh2 Qf1 46. Kg3 Qe1+ 47. Kh2 Qf1 48. Kg3 Qe1+ 49. Kh2 Qa5 50. Qb2 Qa7 51. Qb4 Qf2 52. Qf8 Qxf4+ 53. Kg1 Qf1+ 54. Kh2 Qf4+ 55. Kg1 1/2-1/2

[Event "Turkey Cup 2019"]
[Site "Belek"]
[Date "2019.02.02"]
[Round "10.13"]
[White "Bilgin, Murat Evrensel"]
[Black "Kiremitciyan, Ari"]
[Result "1/2-1/2"]
[WhiteElo "1898"]
[BlackElo "2253"]
[Annotator "NA RC"]
[PlyCount "154"]
[EventDate "2019.01.27"]
[EventType "swiss"]
[EventCountry "TUR"]
[SourceTitle "playchess.com"]
[Source "ChessBase"]
[SourceQuality "1"]

1. Nf3 Nf6 2. c4 e6 3. g3 a6 4. Bg2 b5 5. b3 Bb7 6. O-O Be7 7. Bb2 O-O 8. d3 c5 9. e3 Qb6 10. Nbd2 Nc6 11. Qe2 d5 12. Rab1 Rfd8 13. Rfd1 Rac8 14. Ne5 Nxe5 15. Bxe5 Qa7 16. f4 Qa8 17. Nf1 Rd7 18. cxb5 axb5 19. g4 Ne8 20. Ba1 Rd6 21. Rd2 Ra6 22. Rc1 Qa7 23. Rcc2 Ra8 24. g5 Nd6 25. Ng3 Bf8 26. Nh5 Nf5 27. Bh3 d4 28. Bxf5 exf5 29. exd4 Re6 30. Qf2 Rae8 31. Re2 Rxe2 32. Rxe2 Rxe2 33. Qxe2 cxd4 34. Qf2 Qc5 35. Bxd4 Qc1+ 36. Qf1 Qc2 37. Ng3 g6 38. Qe2 Qc1+ 39. Qf1 Qd2 40. Qe2 Qxf4 41. Qe3 Qc7 42. Qe5 Qxe5 43. Bxe5 b4 44. Kf2 Be7 45. h4 Ba6 46. Ke3 h6 47. Bf6 Bd6 48. Ne2 h5 49. Bd4 Kf8 50. Bb2 Ke7 51. Bc1 Kd7 52. Kd4 Kc6 53. Ke3 Bc5+ 54. d4 Bd6 55. Nf4 Kd7 56. Bd2 Bb7 57. Be1 Kc6 58. Nd3 Kb5 59. Ne5 Bd5 60. Bg3 Be7 61. Nd7 Be4 62. Nf6 Bb1 63. Kd2 Bd8 64. Kc1 Bd3 65. Kd2 Bf1 66. Bd6 Bb6 67. Be5 Bg2 68. Ne8 Kc6 69. Ke3 Bd5 70. Nd6 Bc7 71. Nc4 Bxc4 72. Bxc7 Bxb3 73. Ba5 Bxa2 74. Bxb4 Kd5 75. Bc5 Kc4 76. Bd6 Kc3 77. Bg3 Kc4 1/2-1/2

[Event "Turkey Cup 2019"]
[Site "Belek"]
[Date "2019.02.02"]
[Round "10.14"]
[White "Makaraci, Tunahan"]
[Black "Isik, Alparslan"]
[Result "1-0"]
[WhiteElo "1915"]
[BlackElo "2244"]
[Annotator "TA"]
[PlyCount "75"]
[EventDate "2019.01.27"]
[EventType "swiss"]
[EventCountry "TUR"]
[SourceTitle "playchess.com"]
[Source "ChessBase"]
[SourceQuality "1"]

1. e4 d6 2. d4 Nf6 3. Nc3 e5 4. Nge2 Be7 5. g3 O-O 6. Bg2 c6 7. O-O b5 8. a3 Nbd7 9. h3 Bb7 10. Be3 a5 11. g4 b4 12. axb4 axb4 13. Na4 exd4 14. Bxd4 c5 15. Bxf6 Nxf6 16. e5 Bxg2 17. exf6 Bf3 18. fxg7 Re8 19. Qd3 Bb7 20. c4 Bf6 21. Ng3 Bc6 22. b3 Bxa1 23. Rxa1 Qf6 24. Rd1 Bxa4 25. bxa4 Rxa4 26. Nf5 Ra1 27. Rxa1 Qxa1+ 28. Kg2 Qe5 29. Qd2 f6 30. Qd1 Qe4+ 31. Kg3 Ra8 32. Kh4 Rd8 33. Qa4 Qb7 34. Qa1 Kf7 35. g8=Q+ Kxg8 36. Qxf6 h5 37. Qxd8+ Kh7 38. Ne7 1-0

[Event "Turkey Cup 2019"]
[Site "Belek"]
[Date "2019.02.02"]
[Round "10.15"]
[White "Kirali, Mehmet"]
[Black "Dogan, Nazmi Can"]
[Result "0-1"]
[WhiteElo "1890"]
[BlackElo "2244"]
[Annotator "NA RC"]
[PlyCount "140"]
[EventDate "2019.01.27"]
[EventType "swiss"]
[EventCountry "TUR"]
[SourceTitle "playchess.com"]
[Source "ChessBase"]
[SourceQuality "1"]

1. e4 e6 2. d4 d5 3. Nc3 Nf6 4. e5 Nfd7 5. Nf3 c5 6. Ne2 cxd4 7. Nexd4 Nc6 8. Nxc6 bxc6 9. Bd3 Ba6 10. O-O Bxd3 11. Qxd3 Be7 12. Qd4 Qb8 13. Re1 Qb4 14. Bd2 Qxd4 15. Nxd4 Rc8 16. Re2 O-O 17. h3 c5 18. Nf3 Rb8 19. Rb1 Rfc8 20. Re3 Rb7 21. Rb3 Nb6 22. Rd1 Rcb8 23. Bf4 Na4 24. Rxb7 Rxb7 25. b3 Nc3 26. Re1 Nxa2 27. Bd2 Nb4 28. Bxb4 Rxb4 29. Ra1 Rb7 30. Kf1 Bd8 31. Ke2 f6 32. Kd3 Kf7 33. Ra6 Bb6 34. Ra4 Bc7 35. exf6 Kxf6 36. Nd2 Bb6 37. Rf4+ Ke7 38. Rh4 h6 39. Rg4 Kd6 40. Rf4 e5 41. Rg4 e4+ 42. Ke2 Ba5 43. Rg6+ Ke5 44. Rc6 Rc7 45. Ra6 Bb6 46. f3 exf3+ 47. Nxf3+ Kf4 48. Ra4+ d4 49. Kf2 Rf7 50. Nd2 Ke5+ 51. Ke2 Kd5 52. Nc4 Rf6 53. Ra1 Re6+ 54. Kf2 d3 55. Rd1 Re2+ 56. Kf3 Rxc2 57. Ne3+ Kc6 58. Nxc2 dxc2 59. Rc1 Kb5 60. Rxc2 Kb4 61. Rd2 Kxb3 62. Ke2 c4 63. Kd1 c3 64. Re2 Bd4 65. Kc1 Bf6 66. g3 Bg5+ 67. Kd1 h5 68. h4 Bh6 69. Rg2 a5 70. Rf2 a4 0-1